000
00251 a2200109 4500
001
76818
082
_a
943.086 TAY
090
_c
39270
_d
39270
100
_a
Taylor Fred
245
_a
The Goebbels Diaries
_c
Taylor Fred
260
_a
N Y
_b
Prentics Hall
942
_a
caenust
_k
943.086 TAY
999
_c
311891
_d
311891